[Event "10th Chigorin Mem B"]
[Site "St Petersburg RUS"]
[Date "2002.10.26"]
[Round "2"]
[White "Zemtsov,I"]
[Black "Dergatchov,A"]
[Result "1-0"]
[WhiteElo "2321"]
[BlackElo "2083"]

1.e4 g6 2.d4 Bg7 3.Nc3 d6 4.f4 c6 5.Nf3 Bg4 6.Be3 Qb6 7.Qd2 Bxf3 8.gxf3 Qc7
9.O-O-O Nd7 10.h4 O-O-O 11.h5 Kb8 12.Kb1 e6 13.d5 exd5 14.exd5 c5 15.Nb5 Qb6
16.a4 a5 17.hxg6 hxg6 18.Rxh8 Bxh8 19.Qh2 Ne7 20.Bf2 Bg7 21.Re1 Bf6 22.Qh7 Nxd5
23.Qxf7 Nxf4 24.Bg3 g5 25.Bxf4 gxf4 26.Bh3 Bh4 27.Re6 Bg5 28.Rxd6 Ne5 29.Qf5 Nc6
30.Qxg5 Rxd6 31.Qxf4 Nd4 32.Qxd6+ Qxd6 33.Nxd6 Nxf3 34.Nxb7  1-0

[Event "Before Thunder Storm"]
[Site "Tel Aviv ISR"]
[Date "2002.10.26"]
[Round "7"]
[White "Kudischewitsch,D"]
[Black "Chernomordik,P"]
[Result "1-0"]
[WhiteElo "2384"]
[BlackElo "2305"]

1.d4 g6 2.e4 Bg7 3.Nc3 d6 4.h3 Nf6 5.Be3 c6 6.g4 Qa5 7.Bg2 d5 8.e5 Ne4 9.Qd3 Nxc3
10.Bd2 Qb5 11.Qxc3 Nd7 12.f4 e6 13.Nf3 c5 14.O-O-O c4 15.f5 Nb6 16.f6 Bf8
17.Qa5 Qc6 18.Bb4 h6 19.h4 Qa4 20.Qxa4+ Nxa4 21.Bxf8 Rxf8 22.h5 g5 23.Nxg5 hxg5
24.h6 Nb6 25.Rh5 Nd7 26.Rdh1 Rh8 27.Rxg5 Nf8 28.Rg7 Ng6 29.g5 Nf4 30.Bf3 Bd7
31.Kd2 Kf8 32.Ke3 Ng6 33.Bh5 Be8 34.Bxg6 fxg6 35.f7 Ba4 36.b3 cxb3 37.axb3 Bd7
38.Rf1 Rc8 39.Kd2 Bb5 40.Rf6 Rc7 41.Rxe6 Rxf7 42.Rxf7+ Kxf7 43.Rf6+ Ke7 44.Rxg6 Be8
45.Rg7+ Ke6 46.h7 Kf5 47.Rg8 Rxh7 48.Rxe8 Ke4 49.e6 Kxd4 50.g6 Rg7 51.Rf8 Ke5
52.e7 Rxe7 53.Rf7 Ke6 54.Rxe7+ Kxe7 55.Kd3 Kf6 56.Kd4 a5 57.Kxd5 b5 58.g7 Kxg7
59.Kc5 a4 60.bxa4 bxa4 61.Kb4 a3 62.Kxa3 Kf7 63.Kb4 Ke8 64.Kc5 Kd8 65.Kc6 Kc8
66.c4  1-0

[Event "Olympiad"]
[Site "Bled SLO"]
[Date "2002.10.27"]
[Round "2"]
[White "Barle,J"]
[Black "Arapovic,V"]
[Result "1/2-1/2"]
[WhiteElo "2350"]
[BlackElo "2438"]

1.e4 g6 2.d4 Bg7 3.Nc3 d6 4.Nge2 Nf6 5.g3 O-O 6.Bg2 e5 7.O-O c6 8.h3 b5 9.a3 Bb7
10.Bg5 h6 11.Be3 Nbd7 12.Qd2 Kh7 13.f4 Qe7 14.Rad1 exd4 15.Bxd4 Rfd8 16.e5  1/2-1/2

[Event "10th Chigorin Mem B"]
[Site "St Petersburg RUS"]
[Date "2002.10.27"]
[Round "3"]
[White "Rjabzev,K"]
[Black "Chepukaitis,G"]
[Result "0-1"]
[WhiteElo "2271"]
[BlackElo "2396"]

1.e4 g6 2.d4 Bg7 3.Nc3 d6 4.Be3 a6 5.a4 b6 6.Bd3 e6 7.Qd2 Ne7 8.Nf3 h6 9.O-O Nd7
10.Ne2 Bb7 11.c3 Nf6 12.Qc2 O-O 13.Nd2 c5 14.f3 Rc8 15.Qb3 Qc7 16.Qd1 Rb8
17.Qe1 Nc6 18.Qh4 g5 19.Qg3 e5 20.h4 Nh5 21.Qg4 Nf4 22.Bxf4 Bc8 23.Qh5 gxf4
24.d5 Ne7 25.g4 b5 26.axb5 c4 27.Nxc4 axb5 28.Na3 Bd7 29.g5 f5 30.exf5 Be8
31.Qg4 h5 32.Qg2 Nxf5 33.Nc2 Qc5+ 34.Kh1 Qxd5 35.Nb4 Qe6 36.Qh2 Ne3 37.Rfe1 d5
38.Ra6 Rb6 39.Rea1 Bd7 40.Rxb6 Qxb6 41.Ng1 e4 42.fxe4 Ng4 43.Nxd5 Qd6 44.Qd2 f3
45.Nh3 Qg3 46.Ne7+ Kf7 47.Qf4+ Qxf4 48.Nxf4 Nf2+ 49.Kg1 Nxd3 50.Nxd3 Kxe7
51.Ra7 Kd6 52.e5+ Bxe5 53.Rxd7+ Kxd7 54.Nxe5+ Ke6 55.Nc6 Kf5 56.Ne7+ Kg4
57.Kf2 Re8 58.Nd5 Re2+ 59.Kf1 Kg3 60.Nf6 Kxh4 61.g6 Rg2  0-1

[Event "10th Chigorin Mem"]
[Site "St Petersburg RUS"]
[Date "2002.10.27"]
[Round "3"]
[White "Smikovski,I"]
[Black "Utkin,Alek"]
[Result "1-0"]
[WhiteElo "2504"]
[BlackElo "2368"]

1.e4 g6 2.d4 Bg7 3.Nc3 d6 4.f4 c6 5.Nf3 Bg4 6.Be3 Qb6 7.Qd2 Bxf3 8.gxf3 Nd7
9.O-O-O Qa5 10.Kb1 O-O-O 11.Rg1 Kb8 12.Bc4 e6 13.f5 exf5 14.Bxf7 Ne7 15.h4 Rhf8
16.Bb3 Nf6 17.Qh2 Qc7 18.Bg5 Nh5 19.Ne2 Bf6 20.Nf4 Bxg5 21.Nxh5 Bh6 22.Ng3 fxe4
23.fxe4 d5 24.e5 Bf4 25.Qh3 Bxg3 26.Rxg3 Nf5 27.Rf3 Qe7 28.h5 Qh4 29.hxg6 Qxh3
30.Rxh3 hxg6 31.c3 Rh8 32.Rf3 Nh4 33.Rg3 Rhg8 34.Rdg1 Rdf8 35.Bd1 Rf2 36.Bh5 Rh8
37.Bg4 g5 38.Rh3 Rhf8 39.Bh5 Rd2 40.e6 Rff2 41.e7 Rxb2+ 42.Kc1 Rxa2 43.e8=Q+ Kc7
44.Qe7+ Kb6 45.Qb4+ Kc7 46.Kb1  1-0

[Event "Before Thunder Storm"]
[Site "Tel Aviv ISR"]
[Date "2002.10.27"]
[Round "8"]
[White "Shutzman,J"]
[Black "Tseitlin,Ma"]
[Result "1/2-1/2"]
[WhiteElo "2187"]
[BlackElo "2472"]

1.e4 d6 2.d4 g6 3.Nc3 Bg7 4.Bg5 h6 5.Be3 Nf6 6.h3 a6 7.e5 Nfd7 8.e6 fxe6
9.Bd3 Nf8 10.Qg4 Kf7 11.O-O-O Nbd7 12.Nge2 Nf6 13.Qf3 Rb8 14.Nf4 Bd7 15.h4 Rg8
16.Qg3 Bh8 17.Nh3 h5 18.Ng5+ Ke8 19.Qf4 c6 20.Nce4 Qa5 21.Nxf6+ Bxf6 22.Ne4 Bh8
23.Ng5 Bf6 24.Ne4  1/2-1/2

[Event "Olympiad w"]
[Site "Bled SLO"]
[Date "2002.10.28"]
[Round "3"]
[White "Krupkova,P"]
[Black "Paehtz,E"]
[Result "0-1"]
[WhiteElo "2296"]
[BlackElo "2349"]

1.e4 g6 2.d4 Bg7 3.Nc3 d6 4.Be3 a6 5.f4 b5 6.Be2 b4 7.Nb1 Nd7 8.e5 e6 9.a3 bxa3
10.Rxa3 Ne7 11.Nf3 Bb7 12.Nc3 c5 13.dxc5 Nf5 14.Bf2 dxe5 15.fxe5 Qc7 16.b4 Nxe5
17.Nb1 O-O 18.Nbd2 Ng4 19.g3 a5 20.c3 axb4 21.Rxa8 Rc8 22.Rb8 Rxb8 23.cxb4 Ra8
24.Nb1 Ra1 25.Ne5 Qxe5 26.Be3 Qe4 27.Qd8+ Bf8 28.Rg1 Ngxe3 29.Rg2 Qxg2  0-1

[Event "Olympiad"]
[Site "Bled SLO"]
[Date "2002.10.28"]
[Round "3"]
[White "Van Beers,E"]
[Black "Hillarp Persson,T"]
[Result "1-0"]
[WhiteElo "2331"]
[BlackElo "2493"]

1.e4 g6 2.d4 Bg7 3.Nc3 d6 4.f4 a6 5.Nf3 b5 6.Bd3 Nd7 7.e5 c5 8.Be4 Rb8 9.Be3 b4
10.Ne2 Qc7 11.c3 Nh6 12.h3 Bb7 13.Ng3 bxc3 14.bxc3 Bxe4 15.Nxe4 Qc6 16.Qd3 Nf5
17.Bf2 Rb2 18.Nfd2 Bh6 19.Nc4 d5 20.Nxb2 dxe4 21.Qd2 e3 22.Bxe3 Nxe3 23.Qxe3 Qxg2
24.O-O-O Nb6 25.dxc5 Nd5 26.Qd4 e6 27.c4 Bxf4+ 28.Kb1 Qe4+ 29.Qxe4 Nc3+ 30.Kc2 Nxe4
31.Nd3 Bg3 32.Rb1 O-O 33.Rb6 Rc8 34.c6 a5 35.Rhb1 Kg7 36.R1b5 Nf2 37.Nxf2 Bxf2
38.Ra6 g5 39.Kd3 h5 40.Ke2 Bd4 41.Kf3 Kg6 42.Ke4 Bf2 43.Kf3 Bd4 44.Ke4 Bf2
45.Rb7 g4 46.hxg4 hxg4 47.c7 g3 48.Kf3 Bd4 49.Rxa5 Kf5 50.Kxg3 Bxe5+ 51.Kf3 Kf6
52.Rc5 Bd6 53.Rc6 Ke7 54.Rb8 Rxc7 55.Rxc7+ Bxc7 56.Rb5 Kd6 57.a4 Kc6 58.a5 f6
59.a6 Bb6 60.Rh5 Ba7 61.Rb5 Bb6 62.Rh5 Ba7 63.Rh7 Kb6 64.Re7 Kxa6 65.Rxe6+ Ka5
66.Ke4 f5+ 67.Kd5 f4 68.Rf6 Be3 69.c5 Kb5 70.c6 Kb6 71.Kd6  1-0

[Event "Open"]
[Site "Le Touquet FRA"]
[Date "2002.10.28"]
[Round "2"]
[White "Wallart,A"]
[Black "Durpaire,A"]
[Result "1-0"]
[WhiteElo "2261"]
[BlackElo "2110"]

1.d4 g6 2.e4 Bg7 3.Nc3 d6 4.Nf3 a6 5.a4 Nc6 6.Be3 Bg4 7.Be2 Nf6 8.h3 Bxf3
9.Bxf3 O-O 10.d5 Ne5 11.Be2 c5 12.O-O Qa5 13.f4 Ned7 14.Ra3 Rab8 15.Bf3 Qc7
16.Qe2 Kh8 17.a5 Ng8 18.Ra4 Nh6 19.g4 f5 20.g5 Bxc3 21.bxc3 fxe4 22.Bxe4 Nf5
23.Bxf5 Rxf5 24.c4 b5 25.axb6 Rxb6 26.Bd2 Nf8 27.Ba5 Qd7 28.Bxb6 Qxa4 29.Bd8 Qa3
30.Kg2 Qc3 31.Bxe7 Kg8 32.Bxd6 Qd4 33.Qd3  1-0

[Event "Olympiad"]
[Site "Bled SLO"]
[Date "2002.10.29"]
[Round "4"]
[White "Mieles Palau,D"]
[Black "McNab,C"]
[Result "1/2-1/2"]
[WhiteElo "2416"]
[BlackElo "2406"]

1.e4 g6 2.d4 d6 3.Nc3 Bg7 4.f4 Nf6 5.Nf3 O-O 6.Bd3 Nc6 7.O-O e5 8.fxe5 dxe5
9.d5 Ne7 10.Qe1 Ne8 11.Qh4 Nd6 12.Bh6 f6 13.Bxg7 Kxg7 14.Nxe5 fxe5 15.Rxf8 Qxf8
16.Rf1 Qd8 17.Qf6+ Kg8 18.Nb5 Bd7 19.Nxd6 cxd6 20.Qf7+ Kh8 21.Qf6+ Kg8 22.Qf7+ Kh8  1/2-1/2

[Event "Olympiad w"]
[Site "Bled SLO"]
[Date "2002.10.29"]
[Round "4"]
[White "Shahade,J"]
[Black "Chelushkina,I"]
[Result "1-0"]
[WhiteElo "2331"]
[BlackElo "2378"]

1.e4 g6 2.d4 Bg7 3.Nc3 d6 4.Be2 c6 5.Nf3 b5 6.e5 d5 7.h3 Nd7 8.a4 b4 9.Nb1 e6
10.a5 Rb8 11.Nbd2 Ne7 12.Nb3 Qc7 13.O-O c5 14.Nxc5 Nxc5 15.dxc5 Qxc5 16.Re1 Bd7
17.Bd3 h6 18.Nh2 Nc6 19.Ng4 Nxa5 20.Qf3 Nc6 21.Nf6+ Bxf6 22.Qxf6 Rh7 23.h4 h5
24.Be3 d4 25.Bg5 b3 26.cxb3 Qf8 27.Be4 Ne7 28.Rxa7 Ng8 29.Qf4 Qc5 30.Rea1 Ne7
31.Ra8 Rc8  1-0

[Event "10th Chigorin Mem B"]
[Site "St Petersburg RUS"]
[Date "2002.10.29"]
[Round "5"]
[White "Smolkov,I"]
[Black "Achang,A"]
[Result "1-0"]
[WhiteElo "2341"]
[BlackElo "2179"]

1.e4 g6 2.d4 Bg7 3.Nc3 d6 4.Bg5 c6 5.Qd2 b5 6.f4 Nf6 7.Bd3 a6 8.Nf3 Bg4 9.e5 Bxf3
10.gxf3 Nh5 11.O-O-O O-O 12.Ne4 f6 13.exf6 exf6 14.Bh4 Bh6 15.Bg3 Qc7 16.Kb1 Nd7
17.Nf2 f5 18.Nh3 Nb6 19.Ng5 Rae8 20.Rhe1 Qd7 21.c3 a5 22.d5 Nxd5 23.Bxb5 Rxe1
24.Rxe1 Nc7 25.Ba4 Bg7 26.Qe2 h6 27.Nh3 Nb5 28.Bb3+ d5 29.Qe6+ Qxe6 30.Rxe6 Na7
31.Bf2 a4 32.Bxa7 axb3 33.axb3 Rc8 34.Bc5 Bf6 35.b4 Kf7 36.Re1 Bh4 37.Re2 Ng7
38.Nf2 Bxf2 39.Rxf2 Re8 40.Kc2 Re1 41.Bd6 Ne6 42.b3 Ra1 43.Kd3 h5 44.Rc2 h4
45.Ke3 Ke8 46.Be5 Rb1 47.Ra2 Rxb3 48.Ra8+ Ke7 49.Ra7+ Kd8 50.Rh7 Rb1 51.Rxh4 Rb2
52.Rh6 Ra2 53.h4 Kd7 54.Rh7+ Kd8 55.h5 gxh5 56.Rxh5 Ra1 57.Rxf5 Re1+ 58.Kd2 Rf1
59.Ke2 Rb1 60.Rf6 Rb2+ 61.Ke3 Ke7 62.Rh6 d4+ 63.Bxd4  1-0

[Event "Olympiad w"]
[Site "Bled SLO"]
[Date "2002.10.30"]
[Round "5"]
[White "Khamrakulova,I"]
[Black "Guerrero,Ale"]
[Result "1/2-1/2"]
[WhiteElo "2214"]
[BlackElo "2020"]

1.e4 g6 2.d4 Bg7 3.Nc3 d6 4.Be3 Nf6 5.Nf3 O-O 6.Be2 Nbd7 7.O-O e5 8.Nd2 Qe7
9.f4 c6 10.dxe5 dxe5 11.f5 Rd8 12.Qe1 a5 13.g4 gxf5 14.exf5 Nd5 15.Nxd5 cxd5
16.g5 f6 17.Qg3 fxg5 18.Bxg5 Nf6 19.Kh1 Bd7 20.Rg1 Kh8 21.Raf1 Bc6 22.Bf3 e4
23.Bg2 Qf7 24.Nb3 d4 25.Nc5 Rg8 26.Qh4 Rae8 27.Ne6 Nd7 28.Bxe4 Bxe4+ 29.Qxe4 Nc5
30.Qd5 Nxe6 31.fxe6 Qxe6 32.Qxe6 Rxe6  1/2-1/2

[Event "Olympiad"]
[Site "Bled SLO"]
[Date "2002.10.31"]
[Round "6"]
[White "Gengler,P"]
[Black "Lebel Arias,J"]
[Result "1-0"]
[WhiteElo "2154"]
[BlackElo "2020"]

1.e4 g6 2.d4 Bg7 3.Nc3 d6 4.Be3 c6 5.f4 b5 6.Bd3 Nd7 7.e5 d5 8.f5 Nxe5 9.dxe5 Bxe5
10.fxg6 hxg6 11.Be2 d4 12.Nxb5 dxe3 13.Qxd8+ Kxd8 14.O-O-O+ Bd7 15.Nf3 Bf6
16.c3 a6 17.Nbd4 Kc7 18.Nc2 Be6 19.Kb1 Bf5 20.Bd3 e2 21.Bxe2 Rb8 22.Nd4 Be4
23.Bd3 Bxd3 24.Rxd3 a5 25.h3 Rh4 26.Rhd1 Bxd4 27.Nxd4 Nf6 28.Nf3 Rh5 29.Re1 e6
30.Ne5 Rf5 31.Rf3 Rxf3 32.Nxf3 Kd6 33.Ne5 Rb7 34.Nc4+ Kc5 35.Nxa5 Rd7 36.Kc2 Nd5
37.g3 Kb5 38.Nb3 c5 39.a4+ Kb6 40.Nd2 Ka6 41.Nc4 Rc7 42.b3 Ne7 43.Nd6 Nd5
44.Nc4 Re7 45.Ne3 Nxe3+ 46.Rxe3 e5 47.Kd3 f5 48.Kc4 Kb6 49.b4 cxb4 50.cxb4 e4
51.h4 Rc7+ 52.Kd4 Rd7+ 53.Ke5 Rd1 54.h5 gxh5 55.Kxf5 Rf1+ 56.Kg5 Rf3 57.Rxe4 Rxg3+
58.Kxh5 Ra3 59.Re6+ Kb7 60.a5 Rb3 61.Rb6+ Ka7 62.Kg4 Rd3 63.Kf4 Rd1 64.Ke3 Rd5
65.Rh6 Kb7 66.Rh4 Ka6 67.Rd4 Rh5 68.Rd6+ Ka7 69.Kd4 Rg5 70.Rd5 Rg4+ 71.Kc5 Rg7
72.Kc6 Rg1 73.Rd7+ Ka8 74.b5 Rc1+ 75.Kb6 Rc8 76.a6 Rh8 77.Ka5 Rh5 78.Re7 Rh8
79.b6 Rh5+ 80.Kb4 Rh8 81.Rd7 Rg8 82.Kc5 Rh8 83.Kc6 Rh6+ 84.Kc7  1-0

[Event "Blue Autumn"]
[Site "Bucharest ROM"]
[Date "2002.10.31"]
[Round "9"]
[White "Burnoiu,N1"]
[Black "Manolache,M"]
[Result "1-0"]
[WhiteElo "2431"]
[BlackElo "2437"]

1.e4 g6 2.d4 Bg7 3.Nc3 d6 4.Be3 c6 5.a4 d5 6.h3 dxe4 7.Nxe4 Qb6 8.b3 f5 9.a5 Qc7
10.Nc5 f4 11.Bc1 Nh6 12.Bc4 Nf5 13.c3 Nd6 14.Bxf4 e5 15.Bg3 Nxc4 16.bxc4 Qe7
17.Ne2 O-O 18.O-O Nd7 19.Nxd7 Bxd7 20.Re1 e4 21.Nf4 Qf7 22.Rxe4 Bf5 23.Re3 Qxc4
24.Qe2 Qb3 25.Qa2 Qxa2 26.Rxa2 Bh6 27.Re7 Bg5 28.Re5 Bf6 29.Re3 Rae8 30.Rae2 Kf7
31.Rb2 Bc8 32.Nd3 Rxe3 33.fxe3 Ke6 34.Nc5+ Kf7 35.Nxb7 Be7 36.Bd6 Re8 37.Bxe7 Kxe7
38.e4 g5 39.c4 g4 40.hxg4 Bxg4 41.Nc5 Rd8 42.Rb7+ Kf6 43.e5+ Kg5 44.e6 Rxd4
45.e7 Rd1+ 46.Kf2 Rd2+ 47.Kg3 Re2 48.e8=Q Rxe8 49.Rg7+ Kf5 50.Rxg4 Re5 51.Rf4+ Kg6
52.Ne4 Rxa5 53.Rf6+ Kg7 54.Rxc6 Ra2 55.c5 a5 56.Rc7+ Kg6 57.c6 Rc2 58.Kf4 a4
59.Ke5 a3 60.Kd5 Rc1 61.Ra7 Rd1+ 62.Ke6 Re1 63.Ke5 Rc1 64.c7 a2 65.Kd6 Rd1+
66.Kc6 Rc1+ 67.Nc5 a1=R 68.Rxa1  1-0

[Event "Open"]
[Site "Le Touquet FRA"]
[Date "2002.10.31"]
[Round "7"]
[White "Maes,W"]
[Black "Durpaire,A"]
[Result "1-0"]
[WhiteElo "2290"]
[BlackElo "2110"]

1.e4 g6 2.d4 Bg7 3.Nc3 d6 4.Be3 a6 5.Qd2 b5 6.Bd3 Nd7 7.a4 b4 8.Nce2 a5 9.f3 e5
10.c3 bxc3 11.bxc3 Ngf6 12.h4 h5 13.Nh3 O-O 14.O-O d5 15.exd5 Nxd5 16.Bg5 N5f6
17.Nf2 Ba6 18.Rfd1 Qe7 19.Ne4 Bxd3 20.Qxd3 Rfd8 21.Rab1 Nb6 22.Qb5 exd4 23.Nxd4 Nbd5
24.Nc6  1-0

[Event "Olympiad"]
[Site "Bled SLO"]
[Date "2002.11.01"]
[Round "7"]
[White "Zarnicki,P"]
[Black "Delchev,A"]
[Result "1/2-1/2"]
[WhiteElo "2499"]
[BlackElo "2560"]

1.e4 d6 2.d4 g6 3.Nc3 Bg7 4.Nf3 Nf6 5.Be2 O-O 6.O-O Bg4 7.Be3 Nc6 8.Qd2 e5
9.dxe5 dxe5 10.Rad1 Qc8 11.Qc1 Rd8 12.Rxd8+ Nxd8 13.Rd1 Ne6 14.Nd5  1/2-1/2

[Event "Olympiad"]
[Site "Bled SLO"]
[Date "2002.11.01"]
[Round "7"]
[White "Sadvakasov,D"]
[Black "Nyback,T"]
[Result "0-1"]
[WhiteElo "2538"]
[BlackElo "2445"]

1.e4 g6 2.d4 Bg7 3.Nc3 d6 4.f4 a6 5.Nf3 b5 6.Bd3 Nd7 7.e5 c5 8.Be4 Rb8 9.Be3 b4
10.Na4 Qc7 11.Ng5 Nh6 12.dxc5 dxe5 13.O-O O-O 14.Kh1 Nf6 15.Bf3 exf4 16.Bg1 Nf5
17.Qe1 h6 18.Ne4 Nd5 19.Nd6 exd6 20.Bxd5 dxc5 21.Bxc5 Rd8 22.Rd1 Bd7 23.Bxb4 Bxa4
24.Ba5 Qxc2 25.Bxd8 Qxd1 26.Qxd1 Bxd1 27.Rxd1 Ne3 28.Rd2 Bc3 29.Rd3 Rxb2
30.h4 Ng4  0-1

[Event "Olympiad"]
[Site "Bled SLO"]
[Date "2002.11.01"]
[Round "7"]
[White "Le Dinh Tuan"]
[Black "D'Amore,C"]
[Result "0-1"]
[WhiteElo "2318"]
[BlackElo "2440"]

1.e4 g6 2.d4 Bg7 3.Nc3 d6 4.f4 Nc6 5.Nf3 Bg4 6.Be3 Bxf3 7.gxf3 e6 8.Qd2 d5
9.O-O-O Nce7 10.Na4 b6 11.c4 Qd7 12.Nc3 f5 13.cxd5 exd5 14.Bb5 c6 15.Ba4 Nf6
16.e5 Nh5 17.Kb1 Bf8 18.Rc1 Ng7 19.Rc2 b5 20.Bb3 Nc8 21.Rhc1 Ne6 22.Ne2 Nb6
23.Rxc6 Nc4 24.Bxc4 bxc4 25.Ra6 Nc7 26.Ra5 a6 27.Qc2 Bb4 28.Ra4 Be7 29.Bd2 Rb8
30.Ka1 Kf7 31.Ba5 Ne6 32.Bc3 Rb6 33.Ra5 Qb7 34.Ng3 Rb8 35.Nxf5 gxf5 36.Qxf5+ Ke8
37.Rb1 Kd7 38.Qh3 Bb4 39.Qxh7+ Kc6 40.Qg6 Bxa5 41.Bxa5 Kb5 42.Bxb6 Qxb6 43.Rd1 Nxf4
44.Qf7 Ne6 45.Qe7 a5 46.Rd2 Ka6 47.Qd6 Qxd6 48.exd6 Kb6 49.b3 c3 50.Rd3 Kc6
51.Rxc3+ Kxd6 52.Rd3 Rb4 53.Kb2 Rxd4 54.Rxd4 Nxd4 55.h4 Nxf3 56.h5 Ke5 57.h6 Ng5
58.Kc3 Ke4 59.Kd2 d4 60.a3 d3 61.b4 axb4 62.axb4 Kd4 63.b5 Ne4+ 64.Kd1 Ke3
65.h7 Nc3+ 66.Kc1 d2+ 67.Kb2 d1=Q 68.h8=Q Qb1+ 69.Ka3 Qa1+ 70.Kb3 Qa4+  0-1

[Event "10th Chigorin Mem B"]
[Site "St Petersburg RUS"]
[Date "2002.11.01"]
[Round "7"]
[White "Ivkina,O"]
[Black "Loginov,Al"]
[Result "1-0"]
[WhiteElo "2205"]
[BlackElo "2334"]

1.e4 d6 2.d4 g6 3.Nc3 Bg7 4.Be3 c6 5.Qd2 b5 6.Bd3 Qa5 7.Nge2 Bb7 8.O-O Nd7
9.b4 Qc7 10.a4 a6 11.f4 Ngf6 12.h3 O-O 13.e5 Ne8 14.Ne4 Nb6 15.Ng5 e6 16.a5 Nd5
17.c4 bxc4 18.Bxc4 Qe7 19.Bxd5 cxd5 20.Rac1 Nc7 21.f5 gxf5 22.exd6 Qxd6 23.Bf4 e5
24.dxe5 Bxe5 25.Bxe5 Qxe5 26.Nd4 f6 27.Nxh7 Kxh7 28.Rxf5 Qg3 29.Rh5+ Kg8
30.Qh6 Qg7 31.Qxg7+ Kxg7 32.Rxc7+  1-0

[Event "Olympiad w"]
[Site "Bled SLO"]
[Date "2002.11.02"]
[Round "8"]
[White "Botvinnik,Ir"]
[Black "Khegai,A"]
[Result "0-1"]
[WhiteElo "2187"]
[BlackElo "2220"]

1.e4 g6 2.d4 Bg7 3.Nc3 d6 4.Bg5 c6 5.Qd2 h6 6.Be3 Nd7 7.Nge2 Qa5 8.Ng3 Ngf6
9.Be2 h5 10.h3 h4 11.Nf1 b5 12.Bd3 a6 13.f4 b4 14.Ne2 Bb7 15.e5 Nd5 16.e6 N7b6
17.exf7+ Kxf7 18.Bf2 Bf6 19.Nh2 c5 20.O-O Nc7 21.dxc5 dxc5 22.Ng4 c4 23.Ne5+ Kg7
24.Bxg6 Rad8 25.Qe3 Qd5 26.Be4 Qxe4 27.Qxe4 Bxe4 28.Bxb6 Rd2 29.Rf2 Nd5 30.Bd4 Rxc2
31.Ng4 Bd3 32.Bxf6+ exf6 33.Nd4 Rxf2 34.Kxf2 Nxf4 35.Re1 Kf7 36.Nc6 Rc8 37.Nxb4 Rb8
38.a3 a5 39.Kf3 axb4 40.Kxf4 c3 41.bxc3 bxa3 42.Ra1 Rb3 43.Nf2 Bb1 44.Nd1 a2
45.Kg4 Ke6 46.Kxh4 Kd5 47.Ne3+ Kc5 48.Ng4 Kc4 49.Nxf6 Kxc3 50.g4 Kb2 51.Rxa2+ Kxa2
52.Nh5 Rf3 53.Ng3 Kb3 54.g5 Bg6 55.Kg4 Rf2 56.h4 Kc4 57.h5 Bd3 58.g6 Kd5
59.Kg5 Rg2 60.Kf4 Ke6 61.Kf3 Rh2 62.Ke3 Rh3 63.Kf4 Kf6 64.Kg4 Rh2 65.g7 Kxg7
66.Kg5 Rg2 67.Kh4 Kh6 68.Nf5+ Kh7 69.Ng3 Ra2  0-1

[Event "Olympiad"]
[Site "Bled SLO"]
[Date "2002.11.04"]
[Round "9"]
[White "Estrada Nieto,J"]
[Black "Kakageldyev,A"]
[Result "1/2-1/2"]
[WhiteElo "2345"]
[BlackElo "2468"]

1.e4 g6 2.d4 Bg7 3.Nc3 d6 4.Nf3 c6 5.a4 Nf6 6.Be2 O-O 7.O-O Nbd7 8.Be3 Qc7
9.Nd2 b6 10.f4 Bb7 11.e5 Nd5 12.Nxd5 cxd5 13.Bd3 a5 14.Qf3 dxe5 15.fxe5 Bxe5
16.Qh3 Bg7 17.Nf3 Nf6 18.Qh4 Ne4 19.Bf4 Qd7 20.Ne5 Bxe5 21.dxe5 f5 22.exf6 exf6
23.Bxe4 dxe4 24.Rad1 Qc6 25.Rd6 Qc5+ 26.Qf2 e3 27.Qxe3 Qxc2 28.Qd2 Qxd2 29.Bxd2 Ba6
30.Rfxf6 Rxf6 31.Rxf6 Rf8 32.Rxf8+ Kxf8 33.Be3  1/2-1/2

[Event "Olympiad"]
[Site "Bled SLO"]
[Date "2002.11.04"]
[Round "9"]
[White "Moiseenko,A"]
[Black "Petrov,Marij"]
[Result "1-0"]
[WhiteElo "2570"]
[BlackElo "2513"]

1.d4 g6 2.e4 Bg7 3.Nc3 d6 4.Be3 a6 5.Qd2 b5 6.Bd3 Bb7 7.a4 b4 8.Nce2 a5 9.Nf3 Nf6
10.Ng3 Ng4 11.Bf4 e5 12.dxe5 dxe5 13.Bg5 f6 14.h3 fxg5 15.hxg4 h6 16.O-O-O Nc6
17.Qe2 Qf6 18.Bb5 O-O 19.Rd7 Nd4 20.Qc4+ Kh8 21.Qxc7 Bc8 22.Rd6 Be6 23.Bd7 Rf7
24.Nxd4 Rxd7 25.Rxd7 Bxd7 26.Ndf5 Bxf5 27.gxf5 b3 28.cxb3 Qa6 29.Kb1 Rc8
30.Qd7 Rb8 31.fxg6 Qxg6 32.Nf5 Rxb3 33.Rc1 Bf8 34.Rc8 Qf6 35.Rc6  1-0

[Event "Olympiad w"]
[Site "Bled SLO"]
[Date "2002.11.04"]
[Round "9"]
[White "Petronic,S"]
[Black "Guerrero,Ale"]
[Result "0-1"]
[WhiteElo "2281"]
[BlackElo "2020"]

1.e4 g6 2.d4 Bg7 3.Nc3 d6 4.f4 Nf6 5.Nf3 O-O 6.e5 dxe5 7.fxe5 Nfd7 8.Bf4 c5
9.d5 e6 10.Qd2 exd5 11.Nxd5 Nc6 12.O-O-O Ndxe5 13.Nxe5 Bxe5 14.Bb5 Bxf4 15.Qxf4 Nd4
16.Nc7 Bd7 17.c3 Rc8 18.cxd4 Rxc7 19.Bxd7 cxd4+ 20.Kb1 Rxd7 21.Rd3 Qb6 22.h4 Re8
23.h5 Re2 24.Rd2 Rxd2 25.Qxd2 d3 26.h6 f6 27.Re1 Kf7 28.a3 Qd4 29.Re3 g5
30.g3 Kg6 31.Re8 Kxh6 32.Ka2 Rc7 33.Qh2+ Kg7 34.g4 Rc2 35.Re7+ Kf8 36.Rxb7 Rxh2  0-1

[Event "Blue Autumn"]
[Site "Bucharest ROM"]
[Date "2002.11.04"]
[Round "13"]
[White "Djukic,Ni"]
[Black "Moldovan,D"]
[Result "1-0"]
[WhiteElo "2413"]
[BlackElo "2460"]

1.e4 g6 2.d4 Bg7 3.Nc3 d6 4.Bg5 c5 5.dxc5 Qa5 6.Qd2 Qxc5 7.Nd5 Be6 8.Be3 Qc8
9.Bd4 Bh6 10.Qd3 Nf6 11.Nxf6+ exf6 12.Bxf6 O-O 13.Nf3 d5 14.Be2 dxe4 15.Qxe4 Re8
16.O-O Bg4 17.Qc4 Nd7 18.Bc3 Qxc4 19.Bxc4 Bxf3 20.gxf3 Bg7 21.Bxg7 Kxg7 22.Rad1 Ne5
23.Bd5 Rac8 24.c3 Nc4 25.Bxc4 Rxc4 26.Rd7 b5 27.Rxa7 Re2 28.Rb1 Rc5 29.Kf1 Rd2
30.Ke1 Rc2 31.Re7 Kf6 32.Re2 Re5 33.Rxe5 Kxe5 34.Kf1 Kf4 35.Kg2 h5 36.a3 h4
37.h3 f5 38.a4 bxa4 39.Ra1 Rxb2 40.Rxa4+ Ke5 41.Rxh4 Rc2 42.Rc4 Rc1 43.Rc8 g5
44.Rc5+ Kf4 45.Rc4+ Ke5 46.f4+ gxf4 47.h4 Ra1 48.h5 Kf6 49.Rc6+ Kg7 50.Kf3 Ra2
51.c4 Rc2 52.c5 Rc4 53.Rc8 Kh6 54.c6 Kg7 55.c7 Kh7 56.Ke2 Kg7 57.Kd3 Rc1
58.f3  1-0

[Event "Olympiad"]
[Site "Bled SLO"]
[Date "2002.11.05"]
[Round "10"]
[White "Fernandes,An"]
[Black "Mikac,M"]
[Result "1-0"]
[WhiteElo "2482"]
[BlackElo "2401"]

1.d4 g6 2.e4 Bg7 3.Nc3 d6 4.Nge2 c6 5.a4 Nf6 6.g3 O-O 7.Bg2 a5 8.O-O Na6
9.h3 e5 10.Be3 Nb4 11.Qd2 Be6 12.f4 Bc4 13.Rae1 Re8 14.b3 Bxe2 15.Rxe2 Nh5
16.Kh2 Qc7 17.Ref2 exd4 18.Bxd4 Rad8 19.Bxg7 Nxg7 20.f5 Nh5 21.Bf3 Nf6 22.Bg2 Nh5
23.Bf3 Nf6 24.Be2 Nxe4 25.Nxe4 Rxe4 26.c3 Nd5 27.Bd3 Re5 28.Qh6 f6 29.fxg6 hxg6
30.Rxf6 Nxf6 31.Rxf6 Re7 32.Bxg6 Re2+ 33.Kh1 Re7 34.Bf5 Rde8 35.Qg6+ Kh8
36.Qh5+ Kg8 37.Rg6+  1-0

[Event "Olympiad"]
[Site "Bled SLO"]
[Date "2002.11.05"]
[Round "10"]
[White "Isaev,J"]
[Black "Delchev,A"]
[Result "0-1"]
[WhiteElo "2440"]
[BlackElo "2560"]

1.e4 d6 2.d4 g6 3.Nc3 Bg7 4.f4 Nf6 5.e5 Nfd7 6.Nf3 c5 7.e6 fxe6 8.Ng5 Nf6
9.dxc5 O-O 10.Qe2 Nc6 11.Nxe6 Bxe6 12.Qxe6+ Kh8 13.Be3 dxc5 14.Bd3 Nd4 15.Qh3 Qc8
16.Qxc8 Raxc8 17.Bxd4 cxd4 18.Ne2 Nd5 19.g3 Ne3 20.Kd2 e5 21.c3 exf4 22.Nxd4 Bxd4
23.cxd4 Rcd8 24.gxf4 Ng2 25.f5 gxf5 26.Kc3 Rf7 27.Rhf1 Ne3 28.Rf3 f4 29.Rc1 Rc7+
30.Kd2 Rxc1 31.Kxc1 Rxd4 32.Kd2 Kg7 33.Kc3 Rd7 34.Be4 Rf7 35.Kd4 h5 36.Rh3 Kh6
37.Bf3 Nf5+ 38.Ke5 Ng7 39.Bd5 Rf5+ 40.Ke4 b6 41.b4 Kg5 42.Ra3 Ne8 43.h4+ Kf6
44.Bc6 Nd6+ 45.Kf3 Nc4 46.Rc3 Ne5+ 47.Ke4 f3 48.Bb5 f2 49.Bf1 Ke6 50.Rc7 Ng4
51.Rxa7 Re5+ 52.Kd4 Ne3 53.Bh3+ Nf5+ 54.Kc4 b5+ 55.Kd3 Re3+ 56.Kd2 Rxh3 57.Ke2 Rf3  0-1

[Event "Olympiad"]
[Site "Bled SLO"]
[Date "2002.11.05"]
[Round "10"]
[White "Kotronias,V"]
[Black "Kakageldyev,A"]
[Result "1/2-1/2"]
[WhiteElo "2561"]
[BlackElo "2468"]

1.e4 g6 2.d4 Bg7 3.Nc3 d6 4.f4 Nf6 5.Nf3 O-O 6.Be3 Na6 7.e5 Ng4 8.Bg1 c5
9.h3 cxd4 10.Qxd4 Nh6 11.O-O-O Be6 12.g4 Qa5 13.Qa4 Qxa4 14.Nxa4 Rfc8 15.Bxa6 bxa6
16.exd6 exd6 17.Bd4 Bxa2 18.Nc3 Bc4 19.Bxg7 Kxg7 20.Rxd6 Rc7 21.Nd4 Re8 22.f5 Ng8
23.Kd2 Re5 24.Rh2 Nf6 25.b3 Bb5 26.g5 Ne8 27.f6+ Kf8 28.Rd8 Rd7 29.Rxd7 Bxd7
30.h4 Nd6 31.Re2 Rxe2+ 32.Kxe2 Ke8 33.Nd5 Kd8 34.c4 a5 35.c5 Nf5 36.Nxf5 Bxf5
37.Ne7 Bg4+ 38.Kd2 Kd7 39.Kc3 a6 40.Kb2 Be2 41.Ka3 Bb5 42.b4 axb4+ 43.Kxb4 Kc7
44.Ka5 Bc4 45.Ka4 Be2 46.Kb4 Bb5 47.Nd5+ Kc6 48.Ne7+ Kc7 49.Ng8 Bd7 50.Ne7 Bb5
51.Nxg6 Kb7 52.Ne7 Kc7  1/2-1/2

[Event "Blue Autumn"]
[Site "Bucharest ROM"]
[Date "2002.11.05"]
[Round "14"]
[White "Kalezic,B"]
[Black "Manolache,M"]
[Result "0-1"]
[WhiteElo "2430"]
[BlackElo "2437"]

1.e4 g6 2.d4 Bg7 3.Nc3 d6 4.Be3 a6 5.Qd2 b5 6.h4 Nf6 7.f3 Bb7 8.Nge2 Nbd7
9.g4 Nb6 10.b3 h5 11.g5 Nfd7 12.Bg2 b4 13.Nd1 a5 14.O-O c5 15.f4 O-O 16.f5 cxd4
17.Bxd4 Bxd4+ 18.Nxd4 Nc5 19.Nf2 Nbd7 20.Rfd1 Qb6 21.Qe3 Ne5 22.Ne2 a4 23.Rac1 axb3
24.axb3 Ra2 25.Nf4 Rc8 26.Bh3 Rf8 27.f6 Qd8 28.fxe7 Qxe7 29.Bg2 Rc8 30.Qd4 Ng4
31.Nxg4 hxg4 32.Qxb4 Qe5 33.Rf1 Bxe4 34.Rce1 d5 35.Nxd5 Qxd5 36.Bxe4 Qd6
37.Qc4 Rc7 38.Bg2 Ne6 39.Rxe6 fxe6 40.Qe4 Kg7 41.Rf6 Ra1+ 42.Kf2 Kh8 43.Rxg6 Rf7+
44.Rf6 Rxf6+ 45.gxf6 Ra5 46.Qxg4 Rf5+ 47.Ke2 Qe5+ 48.Kd3 Rxf6 49.Qg5 Qd6+
50.Kc3 e5 51.Qe3 Rg6 52.Bf3 Rg3 53.Kc4 Qf6 54.Kd5 Rxf3 55.Qg5 Qxg5 56.hxg5 Rc3
57.Kxe5 Rxc2 58.Kd5 Rb2 59.Kc4 Kg7 60.b4 Kf7 61.Kc5 Ke7 62.b5 Kd7 63.Kb6 Kc8  0-1